000 00432nam a2200181Ia 4500
001 24275
005 20260414151032.0
008 260414t2008||||xx |||||||||||||| ||spa||
041 _aESP
082 _a345.2
_bJ26
100 _aJauchen, Eduardo M.
_eAUT
245 0 _aEl jucio oral en el proceso penal
_b
260 _c2008
300 _a312 páginas :
_c22 cm.
650 _aDER
654 _aCDE
942 _cLIB
_dJUS
_fJUS
_2ddc
_n
999 _c24275
_d24275